000 00922nmm a2200277 a 4500
001 ocm000598011
003 TR-IsHL
005 20201028134621.0
008 131203s2001 tu tur
007 cr cn
020 _a9789753860758
035 _a598011
_b(N$T)
050 0 4 _aPQ1170.T8
_bC43 2001
090 0 4 _aPQ1170.T8
_bC43 2001
100 1 _aBaudelaire, Charles
245 1 0 _aCharles Baudelaire: seçme şiirler
_h[electronic resource] /
_cCharles Baudelaire ; çev. Abdullah Rıza Ergüven
260 _aİstanbul :
_bYaba Yayınları,
_c2001
300 _a96 p.
650 4 _aDil ve Edebiyat
650 4 _aLanguage and Literature
650 0 _aFransız şiiri
650 0 _aFrench poetry
650 7 _aLITERARY COLLECTIONS / European / French
_2bisacsh
700 1 _aErgüven, Abdullah Rıza
856 4 0 _uhttp://search.ebscohost.com/login.aspx?direct=true&scope=site&db=e011xww&AN=598011
999 _c6291
_d6291